000 00755nam a2200181 a 4500
008 170111s2015 ||||||||||||||||| || u
020 _a9781446254790
050 _aBF 511 Ell
100 _aEllis, Darren
245 1 0 _aSocial psychology of emotion
_cBy Darren Ellis [and] Ian Tucker
260 _aLondon
_bSAGE Publications
_c2015
300 _aix, 198p.
650 _aEMOTIONS
650 0 _aSOCIAL PSYCHOLOGY
700 _aTucker, Ian
995 _aMAIN LIBRARY OPEN ACCESS
_e747520
_FCBU-MAIN LIBRARY (Kitwe)
_jBF 511 Ell
_M1
_UAVAILABLE
_WJan 24, 2017
_y747520
_ZMain Library Open Access Collection
995 _aMAIN LIBRARY OPEN ACCESS
_e747521
_FCBU-MAIN LIBRARY (Kitwe)
_jBF 511 Ell
_M2
_UAVAILABLE
_WJan 24, 2017
_y747521
_ZMain Library Open Access Collection
999 _c76591
_d76591